00249nam a2200085Ia 4500008004100000082001300041245005400054260004400108300001100152230907s9999||||xx |||||||||||||| ||und|| a6.3bSIN 2aA classical approach to artificial intelligence / aRandom Publications,bNew Delhi :c2018 a277 p.